| 000 | 00631nam a22001937a 4500 | ||
|---|---|---|---|
| 005 | 20180503110413.0 | ||
| 010 | _aENG-122711 | ||
| 020 | _c1450.00 | ||
| 035 | _aEN-106243 | ||
| 037 | _bDBAD/PUB | ||
| 082 | _a616.042 | ||
| 100 | _aReddy, V. Rami | ||
| 245 |
_aCurrent trends in human genetics and physical anthropology / _cby V. Rami Reddy |
||
| 260 |
_aTirupati _bDr (Mrs) V. Indira _c2012 |
||
| 270 |
_a#8-30, (Opp.) Vidyanagar, Svunt Colony, _bTirupati (Amdhra Pradesh) _e517502 |
||
| 300 |
_a307p. _c25cm(pbk) _bill. |
||
| 500 | _aIt include bibliography and index | ||
| 942 |
_2ddc _cEN _mRED _h616.042 |
||
| 999 |
_c151548 _d151548 |
||